<?xml version="1.0" encoding="UTF-8"?>
<collection xmlns="http://www.loc.gov/MARC21/slim">
 <record>
  <leader>01158nam a22002057a 4500</leader>
  <controlfield tag="001">NCT_91195</controlfield>
  <controlfield tag="008">210708b        xxu||||| |||| 00| 0 vie d</controlfield>
  <datafield tag="999" ind1=" " ind2=" ">
   <subfield code="c">4501</subfield>
   <subfield code="d">4501</subfield>
  </datafield>
  <datafield tag="020" ind1=" " ind2=" ">
   <subfield code="a">9780778734796</subfield>
   <subfield code="c">741000</subfield>
  </datafield>
  <datafield tag="082" ind1="0" ind2="4">
   <subfield code="2">23rd ed.</subfield>
   <subfield code="a">428.24</subfield>
   <subfield code="b">K14</subfield>
  </datafield>
  <datafield tag="100" ind1="1" ind2=" ">
   <subfield code="a">Kalman, Bobbie</subfield>
  </datafield>
  <datafield tag="245" ind1="1" ind2="0">
   <subfield code="a">Spotlight on Australia</subfield>
   <subfield code="c">Bobbie Kalman</subfield>
  </datafield>
  <datafield tag="260" ind1=" " ind2=" ">
   <subfield code="a">Canada</subfield>
   <subfield code="b">Crabtree Publishing Company</subfield>
   <subfield code="c">2008</subfield>
  </datafield>
  <datafield tag="300" ind1=" " ind2=" ">
   <subfield code="a">32 p.</subfield>
   <subfield code="b">ill.</subfield>
   <subfield code="c">28cm</subfield>
  </datafield>
  <datafield tag="504" ind1=" " ind2=" ">
   <subfield code="a">Includes index</subfield>
  </datafield>
  <datafield tag="520" ind1="3" ind2=" ">
   <subfield code="a">This up-to-date and fact filled introduction to Australia features the unique people, land, and animals of this island country. Children will be fascinated to learn about the native Aboriginal peoples and their way of life, the harsh Outback wilderness, the Great Barrier Reef, and the many marsupials that are unique to Australia, including the kangeroo and the koala. Spectacular photographs also give young readers a close-up view of major cities.</subfield>
  </datafield>
  <datafield tag="653" ind1=" " ind2=" ">
   <subfield code="a">Cơ bản</subfield>
  </datafield>
  <datafield tag="942" ind1=" " ind2=" ">
   <subfield code="2">ddc</subfield>
   <subfield code="c">BK</subfield>
  </datafield>
  <datafield tag="952" ind1=" " ind2=" ">
   <subfield code="0">0</subfield>
   <subfield code="1">0</subfield>
   <subfield code="2">ddc</subfield>
   <subfield code="4">0</subfield>
   <subfield code="6">428_240000000000000_K14</subfield>
   <subfield code="7">0</subfield>
   <subfield code="9">21500</subfield>
   <subfield code="a">000001</subfield>
   <subfield code="b">000001</subfield>
   <subfield code="d">2021-07-08</subfield>
   <subfield code="o">428.24 K14</subfield>
   <subfield code="p">MD.18775</subfield>
   <subfield code="r">2021-07-08</subfield>
   <subfield code="v">741000.00</subfield>
   <subfield code="w">2021-07-08</subfield>
   <subfield code="y">BK</subfield>
  </datafield>
  <datafield tag="980" ind1=" " ind2=" ">
   <subfield code="a">Thư viện Trường Đại học Nam Cần Thơ</subfield>
  </datafield>
 </record>
</collection>
